[Event "Titled Tuesday 2024.07.02 Early"]
[Site "Chess.com INT"]
[Date "2024.07.02"]
[Round "5"]
[White "Zulkipli, Zaidan"]
[Black "Keleberda, Tymur"]
[Result "1/2-1/2"]
[WhiteElo "2198"]
[BlackElo "2222"]
[WhiteFideId "-1"]
[BlackFideId "-1"]
[PlyCount "254"]
[GameId "2065220341522432"]
[EventDate "2024.07.02"]
[EventType "swiss (blitz)"]
[EventRounds "11"]
[EventCountry "NET"]
[SourceTitle "EXT 2025"]
[Source "ChessBase"]
[SourceDate "2024.10.14"]
[SourceVersion "1"]
[SourceVersionDate "2024.10.14"]
[SourceQuality "1"]

1. d4 Nf6 2. c4 e6 3. g3 c5 4. d5 b5 5. e4 bxc4 6. Bg2 Bb7 7. Nc3 d6 8. dxe6 fxe6 9. Qa4+ Qd7 10. Qxc4 Nc6 11. Nge2 Ne5 12. Qb3 Nd3+ 13. Kf1 d5 14. exd5 exd5 15. Qc2 Nb4 16. Qd1 d4 17. Na4 Bxg2+ 18. Kxg2 Qc6+ 19. f3 Bd6 20. Bf4 O-O 21. Bxd6 Qxd6 22. Rf1 Nfd5 23. Qd2 Ne3+ 24. Kg1 Nxf1 25. Rxf1 Rae8 26. Nac3 Qf6 27. Nd1 Qe6 28. Nxd4 Qd5 29. Nb3 Qxd2 30. Nxd2 Nxa2 31. Ne4 Rc8 32. Ne3 Rfd8 33. Ra1 Nb4 34. Rxa7 Ra8 35. Rc7 Ra1+ 36. Kg2 Nd3 37. Nf5 Rf8 38. Rxg7+ Kh8 39. Ned6 Ne1+ 40. Kf2 Nd3+ 41. Ke3 Ne5 42. Re7 Re1+ 43. Kf2 Nd3+ 44. Kg2 Rxe7 45. Nxe7 Kg7 46. Ne4 Rb8 47. Nf5+ Kh8 48. h4 Rxb2+ 49. Kf1 c4 50. h5 Ne5 51. f4 Ng4 52. Ne7 Rb6 53. Nd5 Re6 54. Ndc3 Rh6 55. Kg2 Rxh5 56. Kf3 Nh6 57. Nd6 Rc5 58. g4 Kg7 59. Nde4 Ra5 60. f5 Nf7 61. Kf4 Kf8 62. g5 Ra3 63. Nd5 Kg7 64. f6+ Kf8 65. Ndc3 Ra5 66. Ne2 Rd5 67. N2c3 Rd3 68. Nb5 Rd1 69. Nc7 Rf1+ 70. Ke3 Ne5 71. Ne6+ Kf7 72. Nd8+ Kg6 73. Ne6 Nf7 74. Nf4+ Kf5 75. Ng3+ Kxg5 76. Nxf1 Kxf6 77. Ne2 Nd6 78. Kd4 Kf5 79. Ne3+ Kg5 80. Kd5 Nf7 81. Nxc4 h5 82. Ke6 Nd8+ 83. Ke5 Nc6+ 84. Ke4 Kg4 85. Ne3+ Kg5 86. Ng3 h4 87. Nh1 Nb4 88. Nf1 Nc2 89. Kf3 Nd4+ 90. Kg2 Kf4 91. Nh2 Nf5 92. Kh3 Ke3 93. Kg4 Ke4 94. Nf3 h3 95. Ng5+ Ke5 96. Nf2 Ne3+ 97. Kxh3 Nd5 98. Kg4 Kd4 99. Nf3+ Ke3 100. Nh3 Nc3 101. Ne5 Ne4 102. Ng5 Nf2+ 103. Kf5 Nd1 104. Ng4+ Kd4 105. Nf3+ Kd5 106. Kf4 Nc3 107. Ne3+ Kc5 108. Ne5 Ne2+ 109. Ke4 Nc3+ 110. Kd3 Nb5 111. N5c4 Nc7 112. Ne5 Ne6 113. Nf3 Nf4+ 114. Ke4 Ne2 115. Nf5 Nc3+ 116. Ke5 Nb5 117. N3d4 Nc3 118. Ne6+ Kc4 119. Ne3+ Kd3 120. Nd5 Nd1 121. Ndf4+ Kc4 122. Nd5 Nb2 123. Ne3+ Kd3 124. Nf5 Nc4+ 125. Kd5 Nd2 126. Nc5+ Kc3 127. Ne4+ Nxe4 1/2-1/2

[Event "Titled Tuesday 2024.07.02 Early"]
[Site "Chess.com INT"]
[Date "2024.07.02"]
[Round "6"]
[White "Keleberda, Tymur"]
[Black "Ratkovic, Miloje"]
[Result "0-1"]
[WhiteElo "2222"]
[BlackElo "2489"]
[WhiteFideId "-1"]
[BlackFideId "-1"]
[PlyCount "72"]
[GameId "2065220341620736"]
[EventDate "2024.07.02"]
[EventType "swiss (blitz)"]
[EventRounds "11"]
[EventCountry "NET"]
[SourceTitle "EXT 2025"]
[Source "ChessBase"]
[SourceDate "2024.10.14"]
[SourceVersion "1"]
[SourceVersionDate "2024.10.14"]
[SourceQuality "1"]

1. Nf3 d5 2. c4 e6 3. e3 Nf6 4. b3 b6 5. Bb2 Bb7 6. d3 c5 7. Nbd2 Nc6 8. g3 e5 9. cxd5 Qxd5 10. Be2 Nb4 11. Bxe5 Nxd3+ 12. Bxd3 Qxd3 13. Bxf6 gxf6 14. Qe2 Qd7 15. Rd1 O-O-O 16. O-O Qc6 17. e4 Bh6 18. Rfe1 Rhe8 19. Qc4 Rd7 20. Qc2 Red8 21. b4 cxb4 22. Qxc6+ Bxc6 23. Rc1 Kb7 24. Rxc6 Kxc6 25. Nb3 Rd1 26. Rxd1 Rxd1+ 27. Kg2 a5 28. Nfd4+ Kb7 29. Nf5 Bf8 30. Ne3 Rd3 31. Nf1 a4 32. Nc1 Rd1 33. Ne2 b3 34. axb3 axb3 35. Ne3 Re1 36. Nc3 b2 0-1

[Event "Titled Tuesday 2024.07.02 Early"]
[Site "chess.com INT"]
[Date "2024.07.02"]
[Round "1"]
[White "Keleberda, Tymur"]
[Black "Passen, Brett"]
[Result "0-1"]
[WhiteElo "2222"]
[BlackElo "1922"]
[WhiteFideId "-1"]
[BlackFideId "-1"]
[PlyCount "96"]
[GameId "2130307542294268"]
[EventDate "2024.07.02"]
[EventType "swiss (blitz)"]
[EventRounds "11"]
[EventCountry "NET"]
[SourceTitle "The Week in Chess 1548"]
[Source "Mark Crowther"]
[SourceDate "2024.07.08"]
[SourceVersion "1"]
[SourceVersionDate "2024.07.08"]
[SourceQuality "2"]

1. Nf3 Nf6 2. b3 d5 3. Bb2 Bf5 4. d3 h6 5. Nbd2 e6 6. h3 Bh7 7. g3 Be7 8. Bg2 O-O 9. O-O c5 10. e3 Nc6 11. Qe2 Qc7 12. a3 e5 13. g4 Rfe8 14. Nh4 Bf8 15. e4 dxe4 16. dxe4 Nd4 17. Qd1 Rad8 18. c3 Ne6 19. Qc2 Nf4 20. Nf5 Rd3 21. Ng3 Red8 22. Nc4 Nxg2 23. Kxg2 Nxe4 24. Nf5 Bxf5 25. gxf5 Qe7 26. Rae1 Qh4 27. Re3 Rxe3 28. fxe3 Qg3+ 29. Kh1 Qxh3+ 30. Kg1 Ng3 31. Rc1 Qh1+ 32. Kf2 Qh2+ 33. Kf3 e4+ 34. Kg4 h5+ 35. Kf4 Qh4+ 36. Ke5 Qf6+ 37. Kf4 h4 38. Kg4 Be7 39. Qf2 Qg5+ 40. Kh3 Rd3 41. Rg1 Bf6 42. Bc1 b5 43. Nd2 Rxe3 44. Kh2 Rxc3 45. Nf1 Rxc1 46. Nxg3 hxg3+ 47. Rxg3 Qh4+ 48. Kg2 Qh1# 0-1

[Event "Titled Tuesday 2024.07.02 Early"]
[Site "chess.com INT"]
[Date "2024.07.02"]
[Round "4"]
[White "Hald Falkesgaard, Jeppe"]
[Black "Keleberda, Tymur"]
[Result "0-1"]
[WhiteElo "2321"]
[BlackElo "2222"]
[WhiteFideId "-1"]
[BlackFideId "-1"]
[PlyCount "84"]
[GameId "2130307542302725"]
[EventDate "2024.07.02"]
[EventType "swiss (blitz)"]
[EventRounds "11"]
[EventCountry "NET"]
[SourceTitle "The Week in Chess 1548"]
[Source "Mark Crowther"]
[SourceDate "2024.07.08"]
[SourceVersion "1"]
[SourceVersionDate "2024.07.08"]
[SourceQuality "2"]

1. e4 e6 2. d4 d6 3. Nf3 Ne7 4. Nc3 g6 5. h4 h6 6. Bd3 Bg7 7. Be3 Nd7 8. Qd2 a6 9. O-O-O b5 10. Ne2 Bb7 11. Kb1 Rc8 12. c3 c5 13. Bc2 c4 14. Nh2 Qa5 15. h5 gxh5 16. Ng3 h4 17. Nh5 Bf8 18. Ng4 Kd8 19. Bxh6 b4 20. Rxh4 b3 21. axb3 cxb3 22. Bxb3 Bxe4+ 23. Bc2 Bxc2+ 24. Kxc2 Qf5+ 25. Kc1 Nd5 26. Qg5+ Be7 27. Qg7 Bxh4 28. Qxh8+ Kc7 29. Qg7 Nb4 30. Ne3 Na2+ 31. Kd2 Qxh5 32. Ra1 Bf6 33. Qg3 Qxh6 34. Rxa2 Qg6 35. Qf3 Rb8 36. Kc1 Rb6 37. Nc4 Bg5+ 38. Kd1 Qb1+ 39. Ke2 Qxa2 40. Nxb6 Qxb2+ 41. Kf1 Qc1+ 42. Ke2 Kxb6 0-1

[Event "Krakow ICC op-A"]
[Site "Krakow POL"]
[Date "2024.06.22"]
[Round "1.23"]
[White "Cieslak, Patryk"]
[Black "Keleberda, Tymur"]
[Result "1/2-1/2"]
[WhiteElo "2358"]
[BlackElo "2223"]
[WhiteFideId "-1"]
[BlackFideId "-1"]
[PlyCount "165"]
[GameId "2129404696544925"]
[EventDate "2024.06.20"]
[EventType "swiss"]
[EventRounds "9"]
[EventCountry "POL"]
[SourceTitle "10 Days #763"]
[Source "ChessMix "]
[SourceDate "2024.07.01"]
[SourceVersion "1"]
[SourceVersionDate "2024.07.01"]
[SourceQuality "1"]
[TimeControl "40/5400+30:1800+30"]

1. e4 {[%emt 0:00:03]} c5 {[%emt 0:00:08]} 2. Nf3 {[%emt 0:00:04]} d6 {[%emt 0:00:04]} 3. d4 {[%emt 0:00:27]} cxd4 {[%emt 0:00:05]} 4. Nxd4 {[%emt 0:00:02]} Nf6 {[%emt 0:00:02]} 5. Nc3 {[%emt 0:00:25]} a6 {[%emt 0:00:05]} 6. h3 {[%emt 0:01:13]} e5 {[%emt 0:00:31]} 7. Nb3 {[%emt 0:00:02]} Be7 {[%emt 0:01:37]} 8. g4 {[%emt 0:01:20]} h6 {[%emt 0:00:47]} 9. Be3 {[%emt 0:00:02]} Be6 {[%emt 0:03:07]} 10. Qf3 {[%emt 0:02:02]} Nc6 {[%emt 0:08:08]} 11. O-O-O {[%emt 0:05:10]} Rc8 {[%emt 0:01:26]} 12. Kb1 {[%emt 0:09:37]} Na5 {[%emt 0:02:08]} 13. Nd5 {[%emt 0:10:39]} Bxd5 {[%emt 0:00:37]} 14. exd5 {[%emt 0:00:14]} Nxb3 {[%emt 0:00:11]} 15. axb3 {[%emt 0:02:41]} Nd7 {[%emt 0:00:04]} 16. Bd3 {[%emt 0:05:48]} Bg5 {[%emt 0:00:23]} 17. h4 {[%emt 0:06:04]} Bxh4 {[%emt 0:13:37]} 18. Bf5 {[%emt 0:01:28]} Bg5 {[%emt 0:07:04]} 19. Bxd7+ {[%emt 0:23:24]} Kxd7 {[%emt 0:00:20]} 20. Qf5+ {[%emt 0:05:08]} Kc7 {[%emt 0:00:12]} 21. Qxf7+ {[%emt 0:03:02]} Qe7 {[%emt 0:00:08]} 22. Qxe7+ {[%emt 0:01:08]} Bxe7 {[%emt 0:00:09]} 23. Rh5 {[%emt 0:02:38]} Rhf8 {[%emt 0:05:03]} 24. c3 {[%emt 0:02:06]} Rf3 {[%emt 0:02:08]} 25. Rd2 {[%emt 0:01:43]} Rcf8 {[%emt 0:04:57]} 26. Kc2 {[%emt 0:00:39]} Bd8 {[%emt 0:06:03]} 27. b4 {[%emt 0:01:52]} Kd7 {[%emt 0:05:28]} 28. Kb3 {[%emt 0:02:32]} R8f6 {[%emt 0:05:02]} 29. g5 {[%emt 0:02:29]} hxg5 {[%emt 0:02:12]} 30. Rxg5 {[%emt 0:00:59]} Rf7 {[%emt 0:00:07]} 31. Rg4 {[%emt 0:00:26]} Rh3 {[%emt 0:01:28]} 32. b5 {[%emt 0:02:45]} Rh4 {[%emt 0:12:34]} 33. bxa6 {[%emt 0:00:29]} bxa6 {[%emt 0:00:45]} 34. Rg6 {[%emt 0:01:46]} Bf6 {[%emt 0:01:18]} 35. Rd1 {[%emt 0:00:08]} Kc8 {[%emt 0:00:10]} 36. Ra1 {[%emt 0:00:10]} Rb7+ {[%emt 0:01:23]} 37. Kc2 {[%emt 0:00:31]} Rb5 {[%emt 0:00:06]} 38. Rxa6 {[%emt 0:00:37]} Rxd5 {[%emt 0:00:09]} 39. Rg1 {[%emt 0:03:06]} Kd7 {[%emt 0:01:13]} 40. Rga1 {[%emt 0:01:18]} Rc4 {[%emt 0:03:32]} 41. Ra7+ {[%emt 0:05:03]} Ke6 {[%emt 0:00:16]} 42. R1a4 {[%emt 0:01:44]} Rc8 {[%emt 0:02:33]} 43. Rb7 {[%emt 0:00:44]} Kf5 {[%emt 0:04:03]} 44. Raa7 {[%emt 0:07:12]} e4 {[%emt 0:02:42]} 45. Rc7 {[%emt 0:01:01]} Rxc7 {[%emt 0:01:22]} 46. Rxc7 {[%emt 0:00:02]} g5 {[%emt 0:00:02]} 47. b4 {[%emt 0:02:50]} g4 {[%emt 0:00:05]} 48. Ba7 {[%emt 0:05:01]} Be5 {[%emt 0:02:41]} 49. Rc8 {[%emt 0:02:38]} Ke6 {[%emt 0:00:42]} 50. Rc4 {[%emt 0:00:29]} Kf5 {[%emt 0:01:41]} 51. Rc8 {[%emt 0:00:02]} Ke6 {[%emt 0:00:06]} 52. Rc7 {[%emt 0:04:56]} Rd3 {[%emt 0:06:57]} 53. b5 {[%emt 0:01:25]} d5 {[%emt 0:00:04]} 54. Rc5 {[%emt 0:00:58]} Rf3 {[%emt 0:01:09]} 55. Rc6+ {[%emt 0:00:58]} Kd7 {[%emt 0:00:11]} 56. Kd2 {[%emt 0:01:40]} Bf4+ {[%emt 0:05:38]} 57. Ke2 {[%emt 0:00:29]} Rd3 {[%emt 0:01:38]} 58. Bd4 {[%emt 0:00:53]} Rd2+ {[%emt 0:00:13]} 59. Kf1 {[%emt 0:00:27]} Rb2 {[%emt 0:01:19]} 60. Rf6 {[%emt 0:00:13]} Bd6 {[%emt 0:01:41]} 61. b6 {[%emt 0:00:51]} g3 {[%emt 0:00:08]} 62. fxg3 {[%emt 0:00:30]} Bxg3 {[%emt 0:00:04]} 63. Rf7+ {[%emt 0:01:02]} Ke6 {[%emt 0:00:23]} 64. Rf6+ {[%emt 0:00:05]} Kd7 {[%emt 0:00:05]} 65. Rf5 {[%emt 0:00:22]} Ke6 {[%emt 0:00:24]} 66. Rg5 {[%emt 0:00:05]} Bf4 {[%emt 0:00:56]} 67. Rg8 {[%emt 0:01:42]} Kf5 {[%emt 0:02:57]} 68. Rg2 {[%emt 0:01:57]} Rb1+ {[%emt 0:05:27]} 69. Ke2 {[%emt 0:00:01]} Be5 {[%emt 0:00:07]} 70. Bxe5 {[%emt 0:00:38]} Kxe5 {[%emt 0:00:13]} 71. Rg5+ {[%emt 0:00:15]} Kd6 {[%emt 0:00:48]} 72. Ke3 {[%emt 0:00:56]} Kc5 {[%emt 0:00:20]} 73. Rg8 {[%emt 0:01:44]} Rxb6 {[%emt 0:00:36]} 74. Ra8 {[%emt 0:00:32]} Rb1 {[%emt 0:00:29]} 75. Rc8+ {[%emt 0:00:32]} Kd6 {[%emt 0:00:05]} 76. Rd8+ {[%emt 0:00:39]} Kc6 {[%emt 0:00:07]} 77. Kd2 {[%emt 0:00:46]} Rb2+ {[%emt 0:01:53]} 78. Kc1 {[%emt 0:00:01]} Re2 {[%emt 0:02:28]} 79. Kd1 {[%emt 0:00:04]} Re3 {[%emt 0:00:05]} 80. Kc2 {[%emt 0:00:22]} Rd3 {[%emt 0:00:36]} 81. Re8 {[%emt 0:00:09]} Kd6 {[%emt 0:01:04]} 82. c4 {[%emt 0:00:54]} Rh3 {[%emt 0:04:38]} 83. cxd5 {[%emt 0:00:23]} 1/2-1/2

[Event "Krakow ICC op-A"]
[Site "Krakow POL"]
[Date "2024.06.23"]
[Round "3.13"]
[White "Keleberda, Tymur"]
[Black "Aarav, Dengla"]
[Result "1-0"]
[WhiteElo "2223"]
[BlackElo "2395"]
[WhiteFideId "-1"]
[BlackFideId "-1"]
[PlyCount "89"]
[GameId "2129404696610476"]
[EventDate "2024.06.20"]
[EventType "swiss"]
[EventRounds "9"]
[EventCountry "POL"]
[SourceTitle "10 Days #763"]
[Source "ChessMix "]
[SourceDate "2024.07.01"]
[SourceVersion "1"]
[SourceVersionDate "2024.07.01"]
[SourceQuality "1"]
[TimeControl "40/5400+30:1800+30"]

1. e4 {[%emt 0:00:07]} c5 {[%emt 0:00:34]} 2. Nf3 {[%emt 0:00:08]} d6 {[%emt 0:00:15]} 3. c3 {[%emt 0:00:14]} Nf6 {[%emt 0:00:06]} 4. h3 {[%emt 0:00:04]} Nc6 {[%emt 0:00:05]} 5. Bd3 {[%emt 0:00:05]} e5 {[%emt 0:00:07]} 6. Bc2 {[%emt 0:00:05]} d5 {[%emt 0:00:05]} 7. exd5 {[%emt 0:02:04]} Qxd5 {[%emt 0:01:17]} 8. O-O {[%emt 0:01:19]} e4 {[%emt 0:00:14]} 9. Re1 {[%emt 0:00:19]} Be6 {[%emt 0:29:03]} 10. c4 {[%emt 0:03:33]} Qh5 {[%emt 0:06:54]} 11. Bxe4 {[%emt 0:02:15]} Nxe4 {[%emt 0:00:03]} 12. Rxe4 {[%emt 0:00:02]} O-O-O {[%emt 0:00:48]} 13. Nc3 {[%emt 0:06:07]} Nd4 {[%emt 0:09:58]} 14. Nxd4 {[%emt 0:03:48]} Qxd1+ {[%emt 0:00:08]} 15. Nxd1 {[%emt 0:00:05]} Rxd4 {[%emt 0:07:41]} 16. Rxd4 {[%emt 0:00:20]} cxd4 {[%emt 0:00:02]} 17. b3 {[%emt 0:02:20]} Be7 {[%emt 0:03:04]} 18. f3 {[%emt 0:04:51]} Bh4 {[%emt 0:06:01]} 19. Bb2 {[%emt 0:04:24]} Rd8 {[%emt 0:00:33]} 20. Nf2 {[%emt 0:00:18]} Bxf2+ {[%emt 0:03:23]} 21. Kxf2 {[%emt 0:00:38]} Bf5 {[%emt 0:03:13]} 22. g4 {[%emt 0:03:01]} Bd3 {[%emt 0:00:41]} 23. Re1 {[%emt 0:00:21]} Rd7 {[%emt 0:00:10]} 24. h4 {[%emt 0:01:34]} a6 {[%emt 0:06:03]} 25. h5 {[%emt 0:05:26]} Kd8 {[%emt 0:03:07]} 26. Ba3 {[%emt 0:02:20]} b5 {[%emt 0:04:28]} 27. cxb5 {[%emt 0:00:05]} axb5 {[%emt 0:01:00]} 28. Bc5 {[%emt 0:00:04]} h6 {[%emt 0:05:46]} 29. a4 {[%emt 0:01:52]} bxa4 {[%emt 0:01:54]} 30. bxa4 {[%emt 0:00:08]} f5 {[%emt 0:03:06]} 31. Bb6+ {[%emt 0:03:41]} Kc8 {[%emt 0:00:02]} 32. Re6 {[%emt 0:00:01]} fxg4 {[%emt 0:02:09]} 33. fxg4 {[%emt 0:00:13]} Rd5 {[%emt 0:01:33]} 34. Re7 {[%emt 0:05:02]} g6 {[%emt 0:02:20]} 35. hxg6 {[%emt 0:00:05]} Bxg6 {[%emt 0:00:05]} 36. a5 {[%emt 0:00:04]} Bd3 {[%emt 0:00:13]} 37. Rg7 {[%emt 0:01:01]} Re5 {[%emt 0:01:55]} 38. Rc7+ {[%emt 0:03:11]} Kb8 {[%emt 0:00:04]} 39. Rd7 {[%emt 0:00:06]} Re2+ {[%emt 0:00:44]} 40. Kg3 {[%emt 0:00:06]} Rxd2 {[%emt 0:00:49]} 41. Rxd4 {[%emt 0:30:05]} Rd1 {[%emt 0:10:48]} 42. a6 {[%emt 0:00:00]} Be2 {[%emt 0:02:37]} 43. a7+ {[%emt 0:00:00]} Ka8 {[%emt 0:01:20]} 44. Rf4 {[%emt 0:00:00]} Rf1 {[%emt 0:03:44]} 45. Bf2 {[%emt 0:00:00]} 1-0

[Event "Krakow ICC op-A"]
[Site "Krakow POL"]
[Date "2024.06.24"]
[Round "4.5"]
[White "Kelires, Andreas"]
[Black "Keleberda, Tymur"]
[Result "1/2-1/2"]
[WhiteElo "2515"]
[BlackElo "2223"]
[WhiteFideId "-1"]
[BlackFideId "-1"]
[PlyCount "84"]
[GameId "2130307542880607"]
[EventDate "2024.06.20"]
[EventType "swiss"]
[EventRounds "9"]
[EventCountry "POL"]
[SourceTitle "10 Days #763"]
[Source "ChessMix "]
[SourceDate "2024.07.01"]
[SourceVersion "1"]
[SourceVersionDate "2024.07.01"]
[SourceQuality "1"]

1. e4 c5 2. Nf3 d6 3. d4 cxd4 4. Nxd4 Nf6 5. Bd3 g6 6. c4 Bg7 7. Nc3 Nc6 8. Nde2 O-O 9. O-O Nd7 10. b3 Nc5 11. Be3 f5 12. exf5 Nxd3 13. Qxd3 Bxf5 14. Qd2 Rf7 15. Nd4 Qa5 16. Rac1 Bd7 17. f3 Raf8 18. Nxc6 bxc6 19. Bd4 Qf5 20. Bxg7 Rxg7 21. Rce1 g5 22. Ne4 h5 23. Rf2 h4 24. h3 Qf4 25. Qa5 Bf5 26. Qxa7 d5 27. cxd5 cxd5 28. Nd2 e6 29. Qb6 Rb8 30. Qa6 Rc7 31. Nf1 Rc1 32. Rxc1 Qxc1 33. Qd6 Rc8 34. b4 Qb1 35. f4 g4 36. hxg4 Bxg4 37. Qe7 Bf5 38. Qxh4 Rc1 39. Rf3 Kf7 40. Qh5+ Bg6 41. Qe5 Bd3 42. Kh2 Rxf1 1/2-1/2

[Event "Krakow ICC op-A"]
[Site "Krakow POL"]
[Date "2024.06.25"]
[Round "5.7"]
[White "Keleberda, Tymur"]
[Black "Mirzoev, Azer"]
[Result "1-0"]
[WhiteElo "2223"]
[BlackElo "2448"]
[WhiteFideId "-1"]
[BlackFideId "-1"]
[PlyCount "124"]
[GameId "2130307542880622"]
[EventDate "2024.06.20"]
[EventType "swiss"]
[EventRounds "9"]
[EventCountry "POL"]
[SourceTitle "10 Days #763"]
[Source "ChessMix "]
[SourceDate "2024.07.01"]
[SourceVersion "1"]
[SourceVersionDate "2024.07.01"]
[SourceQuality "1"]

1. e4 e5 2. Nf3 Nc6 3. Bc4 Nf6 4. d4 exd4 5. e5 d5 6. Bb5 Nd7 7. O-O Be7 8. Bxc6 bxc6 9. Nxd4 Nb8 10. Nc3 O-O 11. Qf3 a5 12. Re1 Ra6 13. Bf4 c5 14. Ndb5 d4 15. Nd5 Rg6 16. Nbxc7 Nc6 17. c4 Qd7 18. Bg3 Bb7 19. Nxe7+ Qxe7 20. Nd5 Qd7 21. Nf4 Nb4 22. Qd1 Rb6 23. a3 Na6 24. b3 Nc7 25. Rb1 Ra8 26. Qh5 Re8 27. h3 h6 28. Qg4 Qxg4 29. hxg4 Bc8 30. b4 axb4 31. axb4 Rxb4 32. Rxb4 cxb4 33. Nd3 Bxg4 34. Nxb4 Ne6 35. f3 Bf5 36. Rc1 Nc5 37. Bf2 Nb3 38. Rd1 Kh7 39. c5 Rxe5 40. Nc6 Rxc5 41. Nb4 Rc4 42. Nd3 f6 43. Kf1 h5 44. Ke2 g5 45. Ne1 Kg6 46. Nd3 h4 47. Ne1 Ra4 48. Kf1 Kf7 49. Nd3 Bxd3+ 50. Rxd3 Ra1+ 51. Be1 Rb1 52. Kf2 Ke6 53. Bb4 Kd5 54. Be7 Kc4 55. Rxb3 Rxb3 56. Bxf6 Rb2+ 57. Kf1 Rb5 58. Ke2 Ra5 59. Bg7 Ra2+ 60. Kf1 d3 61. Bf6 Kb3 62. Bxg5 Kc2 1-0

[Event "Krakow ICC op-A"]
[Site "Krakow POL"]
[Date "2024.06.26"]
[Round "6.10"]
[White "Nguyen, Piotr"]
[Black "Keleberda, Tymur"]
[Result "0-1"]
[WhiteElo "2426"]
[BlackElo "2223"]
[WhiteFideId "-1"]
[BlackFideId "-1"]
[PlyCount "88"]
[GameId "2129404696614610"]
[EventDate "2024.06.20"]
[EventType "swiss"]
[EventRounds "9"]
[EventCountry "POL"]
[SourceTitle "10 Days #763"]
[Source "ChessMix "]
[SourceDate "2024.07.01"]
[SourceVersion "1"]
[SourceVersionDate "2024.07.01"]
[SourceQuality "1"]
[TimeControl "40/5400+30:1800+30"]

1. e4 {[%emt 0:00:55]} e6 {[%emt 0:00:26]} 2. d4 {[%emt 0:00:11]} d5 {[%emt 0:00:08]} 3. exd5 {[%emt 0:01:26]} exd5 {[%emt 0:00:20]} 4. Nf3 {[%emt 0:00:05]} Bd6 {[%emt 0:01:49]} 5. c4 {[%emt 0:00:16]} c6 {[%emt 0:00:22]} 6. c5 {[%emt 0:03:53]} Bc7 {[%emt 0:00:10]} 7. Bd3 {[%emt 0:00:10]} h6 {[%emt 0:00:18]} 8. O-O {[%emt 0:01:14]} Ne7 {[%emt 0:00:05]} 9. Qc2 {[%emt 0:04:05]} b6 {[%emt 0:02:34]} 10. b4 {[%emt 0:05:16]} O-O {[%emt 0:01:22]} 11. a4 {[%emt 0:11:20]} Re8 {[%emt 0:13:16]} 12. Nc3 {[%emt 0:09:05]} Nd7 {[%emt 0:01:08]} 13. Be3 {[%emt 0:07:57]} bxc5 {[%emt 0:08:26]} 14. bxc5 {[%emt 0:08:10]} Nf8 {[%emt 0:03:30]} 15. h3 {[%emt 0:03:25]} Neg6 {[%emt 0:02:58]} 16. Rae1 {[%emt 0:02:43]} Bd7 {[%emt 0:01:34]} 17. Bc1 {[%emt 0:05:58]} Qf6 {[%emt 0:01:31]} 18. Re3 {[%emt 0:10:46]} Nf4 {[%emt 0:09:31]} 19. Rxe8 {[%emt 0:06:20]} Rxe8 {[%emt 0:00:47]} 20. Bxf4 {[%emt 0:00:05]} Qxf4 {[%emt 0:01:28]} 21. Qd2 {[%emt 0:02:50]} Qf6 {[%emt 0:02:25]} 22. Re1 {[%emt 0:00:31]} Rxe1+ {[%emt 0:03:08]} 23. Nxe1 {[%emt 0:00:17]} Ba5 {[%emt 0:04:37]} 24. Nf3 {[%emt 0:02:08]} Bxh3 {[%emt 0:02:52]} 25. Ne5 {[%emt 0:08:22]} Bc8 {[%emt 0:04:57]} 26. Be2 {[%emt 0:01:20]} Ng6 {[%emt 0:02:09]} 27. Ng4 {[%emt 0:03:40]} Qe7 {[%emt 0:02:33]} 28. Kf1 {[%emt 0:00:21]} Qb7 {[%emt 0:00:53]} 29. Qe3 {[%emt 0:00:28]} Be6 {[%emt 0:00:50]} 30. Nd1 {[%emt 0:00:44]} Qb4 {[%emt 0:00:08]} 31. g3 {[%emt 0:00:37]} Qxa4 {[%emt 0:01:25]} 32. Kg2 {[%emt 0:00:04]} Qc2 {[%emt 0:01:04]} 33. Bf3 {[%emt 0:00:33]} Bb4 {[%emt 0:02:20]} 34. Ne5 {[%emt 0:00:32]} Bd2 {[%emt 0:01:51]} 35. Qe2 {[%emt 0:01:18]} Nxe5 {[%emt 0:00:10]} 36. Qxe5 {[%emt 0:00:40]} a5 {[%emt 0:00:16]} 37. Qd6 {[%emt 0:00:35]} Qa4 {[%emt 0:03:46]} 38. Qb8+ {[%emt 0:00:24]} Kh7 {[%emt 0:00:11]} 39. Qb1+ {[%emt 0:00:08]} g6 {[%emt 0:00:19]} 40. Qd3 {[%emt 0:00:19]} Bg5 {[%emt 0:00:35]} 41. Nc3 {[%emt 0:30:59]} Qb4 {[%emt 0:31:00]} 42. Ne2 {[%emt 0:00:40]} a4 {[%emt 0:00:27]} 43. Qa6 {[%emt 0:00:07]} a3 {[%emt 0:01:04]} 44. Qxc6 {[%emt 0:00:00]} a2 {[%emt 0:00:00]} 0-1

[Event "Krakow ICC op-A"]
[Site "Krakow POL"]
[Date "2024.06.28"]
[Round "8.11"]
[White "Licznerski, Lukasz"]
[Black "Keleberda, Tymur"]
[Result "1-0"]
[WhiteElo "2434"]
[BlackElo "2223"]
[WhiteFideId "-1"]
[BlackFideId "-1"]
[PlyCount "169"]
[GameId "2130307542884747"]
[EventDate "2024.06.20"]
[EventType "swiss"]
[EventRounds "9"]
[EventCountry "POL"]
[SourceTitle "10 Days #763"]
[Source "ChessMix "]
[SourceDate "2024.07.01"]
[SourceVersion "1"]
[SourceVersionDate "2024.07.01"]
[SourceQuality "1"]

1. e4 c5 2. Nf3 d6 3. d4 cxd4 4. Nxd4 Nf6 5. Nc3 a6 6. Be2 e5 7. Nf3 Be7 8. Bg5 Be6 9. Bxf6 Bxf6 10. O-O Qc7 11. Nd5 Bxd5 12. Qxd5 Nd7 13. Rfd1 Be7 14. Bc4 O-O 15. Qd3 Rac8 16. Bd5 Qxc2 17. Bxb7 Qxd3 18. Rxd3 Rb8 19. Bc6 Nc5 20. Rd2 Rb4 21. Re1 Rfb8 22. Ree2 Na4 23. b3 Nc3 24. Re3 Nb5 25. Bxb5 R8xb5 26. Rc2 f6 27. Rc7 Kf7 28. Rd3 Rc5 29. Rxc5 dxc5 30. Nd2 Rd4 31. Rxd4 cxd4 32. Kf1 Ke6 33. Ke2 h5 34. Nc4 h4 35. h3 g5 36. Kd3 Bd8 37. b4 Be7 38. a3 Bd8 39. Nb2 Kd6 40. Kc4 Kc6 41. Nd3 Be7 42. Ne1 Bd6 43. Nf3 Kd7 44. Kd5 Bb8 45. Ne1 Bd6 46. Nd3 Be7 47. a4 Bf8 48. b5 axb5 49. axb5 Ba3 50. b6 Be7 51. b7 Kc7 52. Ke6 Bd8 53. Nc5 Kb8 54. f3 Kc7 55. Kf7 Kb8 56. Ke8 Bb6 57. Nd3 Kxb7 58. Ke7 Kc6 59. Kxf6 Bc7 60. Kxg5 Kb5 61. Kxh4 Kc4 62. Nf2 Ba5 63. Ng4 Bc7 64. Kg3 Kc3 65. Nf2 Kd2 66. h4 Ke2 67. h5 Ba5 68. h6 Be1 69. h7 Bxf2+ 70. Kg4 d3 71. h8=Q d2 72. Qxe5 d1=Q 73. Qb5+ Ke3 74. Qc5+ Ke2 75. Qc4+ Ke3 76. Qc5+ Ke2 77. Qb5+ Ke3 78. e5 Qh1 79. Qc5+ Ke2 80. Qc2+ Ke3 81. Qe4+ Kd2 82. g3 Qh8 83. Qf5 Be3 84. f4 Ke1 85. e6 1-0

[Event "Wch U20 61st"]
[Site "Gandhinagar"]
[Date "2024.06.05"]
[Round "4"]
[White "Strybuk, Artsiom I"]
[Black "Keleberda, Tymur"]
[Result "1/2-1/2"]
[WhiteElo "2422"]
[BlackElo "2223"]
[WhiteFideId "-1"]
[BlackFideId "-1"]
[PlyCount "112"]
[GameId "2055086085799936"]
[EventDate "2024.06.02"]
[EventType "swiss"]
[EventRounds "11"]
[EventCountry "IND"]
[SourceTitle "CBM 220 Extra"]
[Source "ChessBase"]
[SourceDate "2024.07.31"]
[SourceVersion "1"]
[SourceVersionDate "2024.07.31"]
[SourceQuality "1"]

1. Nf3 Nf6 2. g3 d5 3. Bg2 g6 4. c4 c6 5. b3 Bg7 6. Bb2 O-O 7. O-O a5 8. Nc3 Ne4 9. Na4 b5 10. Bxg7 Kxg7 11. cxb5 cxb5 12. Nc3 Nxc3 13. dxc3 e6 14. Nd4 Ba6 15. a4 bxa4 16. Rxa4 Nd7 17. c4 Bb7 18. cxd5 Nb6 19. Qa1 e5 20. Nb5 Nxa4 21. bxa4 Qf6 22. d6 Bxg2 23. Kxg2 Rfd8 24. Qc3 Qf5 25. Kg1 Qe4 26. f3 Qd5 27. Nc7 Qxd6 28. Nxa8 Rxa8 29. Rb1 Ra7 30. Rb5 Qd1+ 31. Kf2 Qxa4 32. Qxe5+ f6 33. Qc5 Rd7 34. Rxa5 Qd4+ 35. Qxd4 Rxd4 36. Ra7+ Kg8 37. g4 Rd5 38. h4 h5 39. e4 Rb5 40. Kg3 hxg4 41. fxg4 Rc5 42. Rd7 Kf8 43. Kf4 g5+ 44. hxg5 Rxg5 45. Rd5 Rg7 46. Ra5 Rb7 47. Kf5 Kf7 48. Rc5 Ra7 49. Rb5 Rc7 50. g5 fxg5 51. e5 Rc6 52. Rb7+ Ke8 53. Kxg5 Ra6 54. Kf5 Rc6 55. Rg7 Ra6 56. Rg6 Rxg6 1/2-1/2